ঢ়
ক্ষ
ড়
ঢ়
য়
র-ফলা‌‌‌
 
 
য-ফলা
ি
 
 
রেফ
 
 
 
যুক্ত করুন/হসন্ত
Space
Enter

Pharmaceutical biotechnology : (Record no. 5409)

000 -LEADER
fixed length control field 00937nam a2200277 a 4500
001 - CONTROL NUMBER
control field 7384
003 - CONTROL NUMBER IDENTIFIER
control field BD-DhUAP
005 - DATE AND TIME OF LATEST TRANSACTION
control field 20201222095255.0
008 - FIXED-LENGTH DATA ELEMENTS--GENERAL INFORMATION
fixed length control field 201210s2002 enk b 001 0 eng d
010 ## - LIBRARY OF CONGRESS CONTROL NUMBER
LC control number \\2002035287
020 ## - INTERNATIONAL STANDARD BOOK NUMBER
International Standard Book Number 0415285003 (hbk)
020 ## - INTERNATIONAL STANDARD BOOK NUMBER
International Standard Book Number 0415285011 (pbk.)
040 ## - CATALOGING SOURCE
Original cataloging agency DNLM/DLC
Transcribing agency DLC
Modifying agency BD-DhUAP
Language of cataloging eng
082 00 - DEWEY DECIMAL CLASSIFICATION NUMBER
Classification number 615.19 PHA
Edition number 23
245 00 - TITLE STATEMENT
Title Pharmaceutical biotechnology :
Remainder of title an introduction for pharmacists and pharmaceutical scientists /
Statement of responsibility, etc. edited by Daan J. A. Crommelin and Robert D. Sindelar.
250 ## - EDITION STATEMENT
Edition statement 2nd ed.
260 ## - PUBLICATION, DISTRIBUTION, ETC.
Place of publication, distribution, etc. London :
Name of publisher, distributor, etc. Routledge,
Date of publication, distribution, etc. c2002.
300 ## - PHYSICAL DESCRIPTION
Extent xxx.425 pages :
Other physical details illustrations ;
Dimensions 29 cm.
504 ## - BIBLIOGRAPHY, ETC. NOTE
Bibliography, etc. note Includes bibliographical references and index.
650 #0 - SUBJECT ADDED ENTRY--TOPICAL TERM
Topical term or geographic name entry element Pharmaceutical biotechnology.
9 (RLIN) 1499
650 12 - SUBJECT ADDED ENTRY--TOPICAL TERM
Topical term or geographic name entry element Pharmaceutical Technology.
9 (RLIN) 1500
650 12 - SUBJECT ADDED ENTRY--TOPICAL TERM
Topical term or geographic name entry element Medicine.
700 1# - ADDED ENTRY--PERSONAL NAME
Personal name Crommelin, D. J. A.
9 (RLIN) 1501
700 1# - ADDED ENTRY--PERSONAL NAME
Personal name Sindelar, Robert D.
9 (RLIN) 1502
942 ## - ADDED ENTRY ELEMENTS (KOHA)
Source of classification or shelving scheme
Koha item type Book
Holdings
Withdrawn status Lost status Source of classification or shelving scheme Damaged status Not for loan Permanent Location Current Location Shelving location Date acquired Full call number Barcode Date last seen Copy number Price effective from Koha item type Total Checkouts Total Renewals Date last checked out
          UAP Central Library UAP Central Library General Stacks 2020-12-10 615.19 PHA 3010007384 2020-12-10 1 2020-12-10 Book      
          UAP Central Library UAP Central Library General Stacks 2020-12-10 615.19 PHA 3010007383 2024-09-23 2 2020-12-10 Book 2 3 2024-09-09

All rights reserved © UAP Central Library,
University of Asia Pacific.